|
|
|
|
| LEADER |
00000nam a2200000 a 4500 |
| 001 |
vtls001105810 |
| 003 |
SK-MaSNL |
| 005 |
20260301001353.0 |
| 008 |
250414s1977 xo 0 slo |
| 015 |
|
|
|a SNBA1977
|
| 035 |
|
|
|a SNK000048652
|
| 040 |
|
|
|a SNK
|b slo
|c SNK
|e AACR2
|
| 041 |
0 |
|
|a slo
|
| 044 |
|
|
|a xo
|c SK
|
| 080 |
|
|
|a 614(437.682)"1952/1977"(084.1)
|2 1981
|
| 100 |
1 |
|
|a FURDOVÁ, Mária
|4 aut
|9 279575
|
| 245 |
1 |
0 |
|a Dvadsaťpäť rokov socialistického zdravotníctva v okrese Vranov nad Topĺou
|c [zostavovateľ] Mária Furdová ; [foto] Ivan Paška
|
| 250 |
|
|
|a 1. vyd.
|
| 260 |
|
|
|a Košice
|b Východoslovenské vydavateĺstvo
|a S.l.
|b OÚNZ vo Vranove nad Topĺou [vyd.]
|c 1977
|e Košice
|f Východoslovenské tlačiarne
|
| 300 |
|
|
|a 68 s., 2,71 AH
|b Tb. Grafy. Diagr.
|c 22 cm
|
| 366 |
|
|
|e 1500 výtl.
|
| 490 |
0 |
|
|a Jubileum
|
| 500 |
|
|
|a Náz. 25 rokov... Fot. na front. Nepredajné.
|
| 650 |
0 |
7 |
|a zdravotníctvo
|2 vthk
|9 1269
|
| 650 |
0 |
7 |
|a regionálne dejiny
|2 SNKPH
|9 63645
|
| 651 |
|
7 |
|a Vranov nad Topľou (Slovensko : okres)
|2 SNK
|9 29498
|
| 700 |
1 |
|
|a Paška, Ivan
|4 bkd
|9 279576
|
| 852 |
|
|
|a Slovenská národná knižnica
|
| 954 |
|
|
|a zdravotníctvo
|a starostlivosť zdravotnícka
|a Vranov nad Topĺou (Slovensko : okres)
|
| 958 |
|
|
|a OND
|
| 999 |
|
|
|c 534749
|d 536679
|
| 952 |
|
|
|a SNK
|b SNK
|y VYP
|7 0
|p 17A1076771
|o snkSC 41319 D1
|i snkKSP 3735/77
|0 0
|1 0
|4 0
|d 2014-09-18
|l 0
|r 2026-02-23 12:21:45
|w 2026-02-23
|